Sporting CP Biggest Transfers - Statistics

General Stats
  • This quiz has been taken 103 times
  • The average score is 104 of 230
Answer Stats
% Correct
Incomings Portugal AM Bruno Fernandes 17/18 Sampdoria
100%
Outgoings Portugal AM Bruno Fernandes 19/20 Manchester United
100%
Incomings Sweden ST Viktor Gyokeres 23/24 Coventry City
97%
Incomings Uruguay DM Manuel Ugarte 21/22 Famalicao
96%
Outgoings Uruguay DM Manuel Ugarte 23/24 Paris Saint-Germain
96%
Incomings Spain RB Pedro Porro 22/23 Manchester City
96%
Outgoings Spain RB Pedro Porro 23/24 Tottenham Hotspur
96%
Outgoings Spain RB Pedro Porro 22/23 Tottenham Hotspur
96%
Outgoings Portugal ST Cristiano Ronaldo 03/04 Manchester United
92%
Outgoings Portugal LB Nuno Mendes 22/23 Paris Saint-Germain
92%
Outgoings Portugal LB Nuno Mendes 21/22 Paris Saint-Germain
92%
Incomings Netherlands ST Bas Dost 16/17 Wolfsburg
90%
Outgoings Netherlands ST Bas Dost 19/20 Eintracht Frankfurt
90%
Outgoings Portugal CM Matheus Nunes 22/23 Wolverhampton Wanderers
90%
Incomings Portugal LW Francisco Trincao 23/24 Barcelona
89%
Incomings Portugal LW Francisco Trincao 22/23 Barcelona
89%
Outgoings Algeria ST Islam Slimani 16/16 Leicester City
89%
Outgoings Portugal DM Joao Palhinha 22/23 Fulham
89%
Incomings England RW Marcus Edwards 21/22 Vitoria Guimaraes
89%
Outgoings Portugal LW Nani 07/08 Manchester United
88%
Incomings Denmark DM Morten Hjulmand 23/24 Lecce
86%
Outgoings Portugal CM Joao Mario 16/17 Inter Milan
85%
Incomings Argentina LB Marcos Acuna 17/18 Racing Club
85%
Outgoings Argentina LB Marcos Acuna 20/21 Sevilla
85%
Outgoings Portugal GK Rui Patricio 18/19 Wolverhampton Wanderers
85%
Outgoings Portugal CM Adrien Silva 17/18 Leicester City
83%
Incomings Argentina CB Marcos Rojo 12/13 Spartak Moscow
83%
Outgoings Argentina CB Marcos Rojo 14/15 Manchester United
83%
Incomings Portugal RW Pedro Goncalves 20/21 Famalicao
83%
Incomings Uruguay CB Sebastian Coates 16/17 Sunderland
83%
Incomings Netherlands CB Jeremiah St. Juste 22/23 Mainz
82%
Incomings Portugal ST Paulinho 20/21 Braga
82%
Incomings Brazil RW Raphinha 18/19 Vitoria Guimaraes
82%
Outgoings Brazil RW Raphinha 19/20 Rennes
82%
Outgoings Portugal DM William Carvalho 18/19 Real Betis
79%
Incomings Portugal LB Ruben Vinagre 22/23 Wolverhampton Wanderers
76%
Outgoings Portugal RW Luis Figo 95/96 Barcelona
75%
Incomings Ivory Coast CB Ousmane Diomande 22/23 Midtjylland
75%
Incomings Spain RB Ivan Fresneda 23/24 Real Valladolid
74%
Incomings Argentina ST Luciano Vietto 19/20 Atletico Madrid
72%
Outgoings Argentina ST Luciano Vietto 20/21 Al-Hilal
72%
Incomings Portugal RB Ricardo Esgaio 21/22 Braga
72%
Outgoings Portugal RW Gelson Martins 18/19 Atletico Madrid
71%
Incomings Slovenia ST Andraz Sporar 19/20 Slovan Bratislava
69%
Outgoings Slovenia ST Andraz Sporar 22/23 Panathinaikos
69%
Incomings Brazil CM Wendel 17/18 Fluminense
69%
Outgoings Brazil CM Wendel 20/21 Zenit
69%
Outgoings Portugal CM Joao Moutinho 10/11 Porto
68%
Outgoings Portugal LW Rafael Leao 18/19 Lille
68%
Incomings Japan CM Hidemasa Morita 22/23 Santa Clara
67%
Outgoings Brazil AM Matheus Pereira 20/21 West Bromwich Albion
67%
Incomings Argentina LB Jonathan Silva 14/15 Estudiantes
65%
Outgoings Argentina LB Jonathan Silva 19/20 Leganes
65%
Incomings Portugal CM Pedro Mendes 09/10 Rangers
65%
Incomings Spain RW Pablo Sarabia 21/22 Paris Saint-Germain
64%
Incomings Netherlands ST Ricky van Wolfswinkel 11/12 Utrecht
63%
Outgoings Netherlands ST Ricky van Wolfswinkel 13/14 Norwich City
63%
Outgoings Portugal ST Youssef Chermiti 23/24 Everton
63%
Outgoings Portugal RB Cedric Soares 15/16 Southampton
61%
Outgoings England CB Eric Dier 14/15 Tottenham Hotspur
61%
Incomings Chile AM Matias Fernandez 09/10 Villarreal
61%
Outgoings Chile AM Matias Fernandez 12/13 Fiorentina
61%
Outgoings Portugal RW Ricardo Quaresma 03/04 Barcelona
61%
Incomings Costa Rica AM Bryan Ruiz 15/16 Fulham
60%
Outgoings Portugal ST Tiago Tomas 23/24 Wolfsburg
60%
Incomings France RB Valentin Rosier 19/20 Dijon
60%
Outgoings France RB Valentin Rosier 22/23 Besiktas
60%
Incomings Morocco CB Zouhair Feddal 20/21 Real Betis
60%
Outgoings Ecuador RW Gonzalo Plata 22/23 Real Valladolid
58%
Incomings Portugal RB Joao Pereira 09/10 Braga
58%
Outgoings Portugal RB Joao Pereira 12/13 Valencia
58%
Incomings Ivory Coast DM Idrissa Doumbia 18/19 Akhmat Grozny
57%
Incomings Brazil ST Jardel 01/02 Galatasaray
57%
Incomings Ivory Coast ST Seydou Doumbia 17/18 Roma
57%
Incomings Brazil LW Arthur Gomes 22/23 Estoril Praia
56%
Outgoings Brazil LW Arthur Gomes 23/24 Cruzeiro
56%
Incomings Brazil ST Elpidio Silva 03/04 Boavista
56%
Outgoings Portugal GK Luis Maximiano 21/22 Granada
56%
Incomings Portugal LB Nuno Santos 20/21 Rio Ave
56%
Incomings Portugal RW Rafael Camacho 19/20 Liverpool
56%
Outgoings Portugal RB Thierry Correia 19/20 Valencia
56%
Incomings Portugal CB Tiago Ilori 18/19 Reading
56%
Outgoings Portugal CB Tiago Ilori 13/14 Liverpool
56%
Incomings Argentina AM Alan Ruiz 16/17 San Lorenzo
54%
Outgoings Portugal RW Daniel Podence 18/19 Olympiacos
53%
Incomings Colombia ST Fredy Montero 14/15 Seattle Sounders
53%
Outgoings Colombia ST Fredy Montero 15/16 Tianjin TEDA
53%
Incomings Portugal ST Liedson 03/04 Corinthians
53%
Outgoings Portugal ST Liedson 10/11 Corinthians
53%
Incomings Argentina DM Rodrigo Battaglia 17/18 Braga
53%
Incomings Italy CB Cristiano Piccini 17/18 Real Betis
51%
Outgoings Italy CB Cristiano Piccini 18/19 Valencia
51%
Outgoings Portugal LW Bruma 13/14 Galatasaray
50%
Outgoings Portugal CB Ruben Semedo 17/18 Villarreal
50%
Incomings North Macedonia RB Stefan Ristovski 18/19 HNK Rijeka
50%
Incomings North Macedonia RB Stefan Ristovski 17/18 HNK Rijeka
50%
Outgoings North Macedonia RB Stefan Ristovski 20/21 Dinamo Zagreb
50%
Incomings Brazil RW Bruno Tabata 20/21 Portimonense
49%
Outgoings Brazil RW Bruno Tabata 22/23 Palmeiras
49%
Outgoings Portugal AM Carlos Martins 07/08 Recreativo Huelva
49%
Incomings Colombia LB Cristian Borja 18/19 Toluca
49%
Outgoings Colombia LB Cristian Borja 20/21 Braga
49%
Incomings Spain LW Jese Rodriguez 19/20 Paris Saint-Germain
49%
Outgoings Portugal DM Miguel Veloso 10/11 Genoa
49%
Incomings Portugal LB Fabio Coentrao 17/18 Real Madrid
47%
Incomings Brazil CM Elias 11/12 Atletico Madrid
46%
Incomings Brazil CM Elias 16/17 Corinthians
46%
Outgoings Brazil CM Elias 14/15 Corinthians
46%
Outgoings Brazil CM Elias 16/17 Atletico Mineiro
46%
Incomings Russia AM Marat Izmailov 08/09 Lokomotiv Moscow
46%
Outgoings Russia AM Marat Izmailov 12/13 Porto
46%
Incomings Brazil CM Mattheus 17/18 Estoril Praia
46%
Incomings Greece CM Sotiris Alexandropoulos 22/23 Panathinaikos
46%
Incomings Portugal CB Paulo Oliveira 14/15 Vitoria Guimaraes
44%
Outgoings Portugal CB Paulo Oliveira 17/18 Eibar
44%
Incomings Colombia AM Teofilo Gutierrez 15/16 River Plate
44%
Outgoings Colombia AM Teofilo Gutierrez 17/18 Junior
44%
Incomings Mali RW Abdoulay Diaby 18/19 Club Brugge
43%
Incomings Angola RB Bruno Gaspar 18/19 Fiorentina
43%
Incomings Brazil GK Renan Ribeiro 18/19 Estoril Praia
43%
Incomings Spain LW Diego Capel 11/12 Sevilla
42%
Outgoings Spain LW Diego Capel 15/16 Genoa
42%
Outgoings Italy RB Ezequiel Schelotto 17/18 Brighton & Hove Albion
42%
Incomings Spain RB Hector Bellerin 22/23 Barcelona
42%
Incomings Italy GK Emiliano Viviano 18/19 Sampdoria
40%
Incomings Venezuela RW Jeffren Suarez 11/12 Barcelona
40%
Incomings Portugal ST Helder Postiga 08/09 Porto
39%
Outgoings Portugal ST Helder Postiga 11/12 Real Zaragoza
39%
Outgoings Portugal CB Beto 05/06 Bordeaux
38%
Incomings France SS Florent Sinama-Pongolle 09/10 Atletico Madrid
38%
Outgoings Portugal GK Ricardo 07/08 Real Betis
38%
Incomings Portugal LW Rochinha 22/23 Vitoria Guimaraes
38%
Incomings Brazil CB Naldo 15/16 Udinese
36%
Outgoings Brazil CB Naldo 16/17 Krasnodar
36%
Incomings Netherlands ST Luc Castaignos 16/17 Eintracht Frankfurt
35%
Incomings Ghana LB Lumor Agbenyenu 17/18 Portimonense
35%
Incomings Serbia CB Nemanja Gudelj 18/19 Guangzhou Evergrande
35%
Outgoings Guinea-Bissau LW Carlos Mane 16/17 Stuttgart
32%
Outgoings Guinea-Bissau LW Carlos Mane 19/20 Rio Ave
32%
Outgoings Turkey CB Merih Demiral 18/19 Alanyaspor
32%
Incomings Portugal RB Miguel Lopes 12/13 Porto
32%
Outgoings Portugal RB Miguel Lopes 13/14 Lyon
32%
Incomings Brazil CB Ewerton 15/16 Anzhi Makhachkala
31%
Outgoings Brazil CB Ewerton 17/18 Nuremberg
31%
Outgoings Portugal AM Hugo Viana 02/03 Newcastle United
31%
Incomings Croatia DM Josip Misic 17/18 HNK Rijeka
31%
Outgoings Croatia DM Josip Misic 21/22 Dinamo Zagreb
31%
Outgoings Netherlands CB Marvin Zeegelaar 17/18 Watford
31%
Incomings Senegal CB Naby Sarr 14/15 Lyon
31%
Outgoings Senegal CB Naby Sarr 15/16 Charlton Athletic
31%
Outgoings Colombia RB Santiago Arias 13/14 PSV
31%
Outgoings Portugal LW Simao 99/00 Barcelona
31%
Outgoings Portugal CB Domingos Duarte 19/20 Granada
29%
Outgoings Portugal CB Tobias Figueiredo 18/19 Nottingham Forest
29%
Incomings Argentina CB Emiliano Insua 11/12 Liverpool
28%
Outgoings Argentina CB Emiliano Insua 12/13 Atletico Madrid
28%
Incomings Netherlands DM Frank Rijkaard 87/88 Ajax
28%
Outgoings Netherlands DM Frank Rijkaard 88/89 Milan
28%
Incomings Serbia DM Radosav Petrovic 16/17 Dynamo Kyiv
28%
Incomings Portugal ST Ricardo Sa Pinto 00/01 Real Sociedad
28%
Outgoings Portugal ST Ricardo Sa Pinto 97/98 Real Sociedad
28%
Incomings Netherlands DM Stijn Schaars 11/12 AZ Alkmaar
28%
Incomings Brazil DM Eduardo Henrique 19/20 Internacional
26%
Incomings Montenegro RW Simon Vukcevic 07/08 Saturn Ramenskoe
26%
Outgoings Montenegro RW Simon Vukcevic 11/12 Blackburn Rovers
26%
Incomings Spain ST Andre Felipe 16/17 Corinthians
25%
Outgoings Brazil ST Andre Felipe 16/17 Sport Recife
25%
Outgoings Bulgaria AM Krasimir Balakov 95/96 Stuttgart
25%
Incomings Argentina LB Leandro Grimi 08/09 Milan
25%
Outgoings Brazil CB Mauricio 15/16 Lazio
25%
Incomings Chile LW Rodrigo Tello 00/01 Universidad de Chile
25%
Incomings Argentina DM Fabian Rinaudo 11/12 Gimnasia
24%
Outgoings Argentina DM Fabian Rinaudo 14/15 Catania
24%
Outgoings Portugal RW Iuri Medeiros 19/20 Nuremberg
24%
Incomings Lithuania ST Lukas Spalvis 16/17 Aalborg
22%
Incomings Bulgaria ST Valeri Bojinov 11/12 Parma
22%
Incomings Peru CB Alberto Rodriguez 11/12 Braga
21%
Incomings Portugal AM Danny 02/03 Maritimo
21%
Outgoings Portugal AM Danny 04/05 Dynamo Moscow
21%
Outgoings Portugal LM Luis Boa Morte 97/98 Arsenal
21%
Outgoings Portugal CM Paulo Sousa 94/95 Juventus
21%
Incomings Bulgaria DM Simeon Slavchev 14/15 Litex Lovech
21%
Incomings Brazil LB Evaldo 10/11 Braga
19%
Incomings Cape Verde LW Heldon 13/14 Maritimo
19%
Incomings Romania ST Marius Niculae 01/02 Dinamo Bucharest
19%
Incomings Argentina LW Valentin Viola 12/13 Racing Club
19%
Incomings Serbia GK Vladimir Stojkovic 07/08 Nantes
19%
Incomings Brazil DM Bruno Paulista 16/17 Bahia
18%
Incomings Brazil CB Douglas 16/17 Trabzonspor
18%
Incomings Spain DM Uri Rosell 14/15 Sporting Kansas City
18%
Incomings Portugal CM Joao Alves 05/06 Braga
17%
Outgoings Argentina DM Aldo Duscher 00/01 Deportivo La Coruna
15%
Incomings Brazil CM Fabio Rochemback 03/04 Barcelona
15%
Incomings Chile CM Jaime Valdes 10/11 Atalanta
15%
Outgoings Chile CM Jaime Valdes 12/13 Parma
15%
Incomings Chile ST Mauricio Pinilla 04/05 Inter Milan
15%
Incomings Chile ST Diego Rubio 11/12 Colo-Colo
14%
Incomings Nigeria LW Emmanuel Amunike 94/95 Duisburg
14%
Outgoings Nigeria LW Emmanuel Amunike 96/97 Barcelona
14%
Incomings Brazil GK Marcelo Boeck 11/12 Maritimo
14%
Incomings Argentina CB Marco Torsiglieri 10/11 Velez Sarsfield
14%
Outgoings Argentina CB Marco Torsiglieri 11/12 Metalist Kharkiv
14%
Outgoings Morocco CB Noureddine Naybet 96/97 Deportivo La Coruna
14%
Incomings Portugal CB Nuno Andre Coelho 10/11 Porto
14%
Outgoings Portugal DM Custodio 07/08 Dynamo Moscow
13%
Incomings Brazil ST Deivid 05/06 Santos
13%
Outgoings Brazil ST Deivid 06/07 Fenerbahce
13%
Outgoings Portugal DM Jose Luis Vidigal 00/01 Napoli
13%
Incomings Argentina AM Leandro Romagnoli 07/08 Veracruz
13%
Incomings Argentina AM Leandro Romagnoli 05/06 Veracruz
13%
Incomings Montenegro ST Milan Purovic 07/08 Crvena Zvezda
13%
Incomings Cameroon LW Roudolphe Douala 04/05 Boavista
13%
Incomings Portugal DM Emilio Peixe 95/96 Sevilla
11%
Outgoings Portugal DM Emilio Peixe 95/96 Sevilla
11%
Outgoings Nigeria CB Joseph Enakarhire 05/06 Dynamo Moscow
11%
Incomings Brazil AM Celsinho 07/08 Lokomotiv Moscow
10%
Incomings Portugal RB Luis Filipe 01/02 Braga
10%
Incomings Spain DM Alberto Zapater 10/11 Genoa
8%
Outgoings Portugal DM Delfim Teixeira 01/02 Marseille
8%
Outgoings Portugal LW Jose Dominguez 97/98 Tottenham Hotspur
8%
Outgoings Morocco AM Mustapha Hadji 97/98 Deportivo La Coruna
8%
Incomings Czech Republic CM Pavel Horvath 00/01 Slavia Prague
8%
Incomings Brazil LW Wender 05/06 Braga
8%
Outgoings Ireland LM Alan Mahon 00/01 Blackburn Rovers
7%
Incomings Brazil RB Cesar Prates 99/00 Corinthians
7%
Outgoings Brazil RB Cesar Prates 03/04 Galatasaray
7%
Outgoings Argentina CB Facundo Quiroga 04/05 Wolfsburg
6%
Outgoings Morocco RB Abdelilah Saber 00/01 Napoli
4%
Incomings Brazil ST Leandro Machado 97/98 Valencia
4%
Outgoings Brazil ST Leandro Machado 98/99 Tenerife
4%
No matching quizzes found
Score Distribution
Percent of People with Each Score
Percentile by Number Answered
Your Score History
You have not taken this quiz